000 00997naa a22002537u 4500
001 06801
003 HDC
007 cr cn ---aaaaa
008 210124p2007 my ||||| |||| 00| 0 eng d
040 _aHDC
110 _aMinistry of International Trade and Industry Malaysia
245 0 _aIndustry, Investment, Trade And Productivity Performance : Second Quarter, 2007 /
_cMinistry of International Trade and Industry Malaysia
260 _aKuala Lumpur :
_bMinistry of International Trade and Industry Malaysia ,
_c2007
300 _a1 online resource ( 37 pages)
336 _atext
_2rdacontent
337 _acomputer
_2rdamedia
338 _aonline resource
_2rdacarrier
650 _aProductivity performance
_97245
650 _aTrade and industry
_97246
856 _zRequest full-text at [email protected]
942 _2lcc
942 _cAR
942 _kEMAG 000301
999 _c4125
_d4125